MDQL
is popping MORE tags! Check the
thread
!
Quizzes
Events
Quiz Creation
Community
Videos
Private Events
Remove Ads
Sign In
Join for FREE
Feedback
Dark Mode
Quiz Categories
Sports
Geography
Music
Movies
Television
Just For Fun
Miscellaneous
History
Literature
Language
Science
Gaming
Entertainment
Religion
Holiday
For Kids
Quiz Lab
Recent
Popular Today
Quiz Kudos Today
Editor Picks
Curator Picks
Quizzes by...
Day
Popularity
Type
Ratings
Length
Year
Community
Subscriptions
Recent Discussions
Orange Saloon
Badges
Playlists
Quests
Create
Leaderboards
Showdown
Live 5
Trivia Bingo
Activity
Puzzle Library
Sporcle Events
Private Events
Virtual Trivia
Globe League
Become a Host
Pub Owners
SporcleCon
Opinionation
Our Games
Videos
Blog
Mobile Apps
Partnerships
Remove Ads and Go Orange
Feedback
Television
TV Characters
TV Show
Sitcom
Network
Friends
Reality Shows
Cast
South Park
Star Trek
The Simpsons
Doctor Who
Television
TV Characters
TV Show
Sitcom
Network
Friends
Reality Shows
Cast
South Park
Star Trek
The Simpsons
Doctor Who
Random Quiz
Search Sporcle
×
Curator Pick
Curator Pick
Television
Lyrics
Type answers that appear on an image
Type answers that appear on an image
Map
Best Score? Go Orange.
South Park 'In My Safe Space' Lyrics Stats
Can you name the lyrics to 'In My Safe Space' from the South Park season 19 episode 'Safe Space'?
By
harharhar
10m
213 Questions
175 Plays
175 Plays
175 Plays
Comments
Comments
Give Quiz Kudos
Give Quiz Kudos
-
- Ratings
hide this ad
Replay
Link that replays current quiz
Next Quiz
Link to next quiz in quiz playlist
You Got
0%
They Got
Avg Score
50%
Avg Friend Score
Upgrade to see
Score Distribution
Jump to the score distribution portion of the page
Score
0/213
Timer
10:00
0
Plays Today
% Correct
I
96.6%
I
96.6%
I
96.6%
I
96.6%
I
96.6%
safe
92.6%
safe
92.6%
safe
92.6%
safe
92.6%
safe
92.6%
safe
92.6%
safe
92.6%
safe
92.6%
safe
92.6%
safe
92.6%
safe
92.6%
safe
92.6%
safe
92.6%
safe
92.6%
my
92%
...my
92%
my
92%
my
92%
...my
92%
my
92%
my
92%
my
92%
my
92%
my
92%
my
92%
My
92%
space...
90.9%
space.
90.9%
space...
90.9%
space.
90.9%
space...
90.9%
space.
90.9%
space...
90.9%
space.
90.9%
space...
90.9%
space.
90.9%
space...
90.9%
space.
90.9%
space,
90.9%
space
90.9%
space.
90.9%
in
89.7%
in
89.7%
in
89.7%
in
89.7%
in
89.7%
in
89.7%
in
89.7%
in
89.7%
a
81.7%
a
81.7%
and
66.9%
and
66.9%
and
66.9%
and
66.9%
and
66.9%
and
66.9%
You
62.9%
you
62.9%
you
62.9%
you
62.9%
You
62.9%
You
62.9%
you
62.9%
me
61.7%
me
61.7%
% Correct
me
61.7%
me,
61.7%
me...
61.7%
me...
61.7%
me,
61.7%
me
61.7%
is
57.7%
is
57.7%
...is
57.7%
no
57.1%
no
57.1%
Noooooo...
57.1%
do
56.6%
do
56.6%
can
52.6%
can
52.6%
I'm
48.6%
it
47.4%
not
46.3%
not
46.3%
not
46.3%
are
45.1%
to
45.1%
We
45.1%
we
45.1%
like
43.4%
am
42.3%
am
42.3%
am
42.3%
all
41.7%
can't
41.7%
...your
40%
your
40%
your
40%
If
38.3%
that
37.7%
that
37.7%
there
37.7%
that?
37.7%
will
37.7%
That
37.7%
won't
37.1%
Reality.
36%
Reality,
36%
Reality.
36%
reality
36%
don't
35.4%
don't
35.4%
windows,
34.9%
windows.
34.9%
windows.
34.9%
Who
34.9%
windows.
34.9%
but
34.3%
here.
34.3%
but
34.3%
But
34.3%
Everyone
33.7%
see
33.7%
doors,
33.1%
of
33.1%
doors...
33.1%
with...
32.6%
with
32.6%
great
31.4%
Bully-proof
31.4%
Bully-proof
31.4%
Bully-proof
31.4%
Bully-proof
31.4%
likes
30.9%
thinks
29.7%
% Correct
People
29.7%
allowed
29.7%
People
29.7%
people
29.7%
say
29.7%
hear
29.1%
our
29.1%
Our
29.1%
hate
28%
nothing
28%
call
28%
going
27.4%
from
27.4%
troll-safe
26.9%
might
26.9%
more
26.9%
down
26.9%
What?
26.9%
Oh
26.9%
I'll
26.9%
out.
26.9%
Troll-safe
26.9%
support
26.3%
support
26.3%
stop
26.3%
name...
26.3%
stop
26.3%
him!
26.3%
him
26.3%
was
26.3%
things.
25.7%
nice
25.1%
nice.
25.1%
around
24.6%
tear
24.6%
by
24.6%
inside,
24.6%
*****
23.4%
you'll
23.4%
keep
23.4%
haters
22.9%
Look
22.9%
mixed
22.9%
cannot
22.9%
judge
22.3%
without.
22.3%
cold
21.7%
hard
21.7%
take
21.7%
there's
21.1%
very
21.1%
shame
21.1%
somebody
21.1%
lives
21.1%
care
20.6%
ruin
20.6%
crowd
20%
Rainbows
20%
smash
20%
anything.
20%
kindness
19.4%
select
19.4%
brick
19.4%
brick
19.4%
glee.
19.4%
getting
18.3%
shall
17.7%
almost
17.7%
face
16%
Demi.
15.4%
Rat!
8%
Quiz Playlist
Details
Report
Send in Message
Add To Playlist
Map:
Type answers that appear on an image
Quiz Source
Last Updated: Feb 11, 2018
Curator Pick in
South Park
Quiz Scoreboard
CHALLENGE
Sign Up to Join the Scoreboard
Show All
Scores
Hide
Comments
May contain spoilers
Recently Published
Street Fighter Characters
by Artimus82
Gaming
60s
9x9 Crossword: Cartoon Network
by jackfrog10
Miscellaneous
3m
College Basketball Coaching Resumes
by pancakes188
Sports
9m
More to Explore
Quiz From the Vault
Featured Blog Post
Where Did the Easter Bunny Come From?
hide this ad
You Might Also Like...
Tags
Lyrics Quiz
South Park Quiz
TV Show Quiz
Animated Series
Comedy
Comedy Central
Today's Top Quizzes in Television
Browse Television
hide this ad
Today's Top Quizzes in Lyrics
Browse Lyrics
Top Contributed Quizzes in Television
1
5-to-1: The Simpsons Families
2
5-to-1: Television Doctors
3
Adjectives in 80s TV Shows
4
Adjectives in 00s TV Shows
5
7-to-1: TV Show Settings
6
Adjectives in 10s TV Shows
7
Survivor Journey Challenge
8
5-to-1: Streaming Originals
9
Survivor Seasons
10
One Piece Logic Puzzle
Explore More
Trending Topics
Disney
NBA
Anime
Marvel
Kpop
Harry Potter
Crossword
Soccer
Country
The Office
Pokémon
Song
Puzzle
NFL
WWE
hide this ad
More By:
harharhar
Quiz
Plays
Rating
Category
Featured
Created
Team Mates of F1 Champions
8,561
5.00
Sports
May 17, 2012
Missing Word: Salt and Pepper
4,180
4.48
Just For Fun
Jan 28, 2019
Missing Word: Bells and Whistles
3,899
4.50
Just For Fun
May 1, 2018
Missing Word: Sob Stories
3,707
4.54
Just For Fun
Jun 14, 2017
German WW2 Aircraft on Gun Camera
3,124
5.00
History
Feb 11, 2019
Go to Creator's Profile
Score Distribution
Quiz Creator Spotlight
harharhar
Follow
Send a Message
Quizzes Created
-
Created Quiz Play Count
-
More By This Creator
Popular Quizzes Today
1
Find the US States - No Outlines Minefield
2
Find the Countries of Europe - No Outlines Minefield
3
The Countries of the World
4
Find the US States
5
Risky Map Clicking: Biggest States A-Z
6
US States
7
Popular People in 1961
8
Movies - When Are They Set?
More Television Quizzes
Riverdale 'Simpsonized'
Curator's Pick
Trending Quizzes
Risky Map Clicking: Least Populous States A-Z
1-10 Letter G Words
Risky Map Clicking: Next State Alphabetically
Adjectives in 80s TV Shows
The Seven Year Switch: Catherine
Recently Updated
Leaping Animals
pecheneg
Reality TV Shows (A-Z)
bhenderson79
Rickey Henderson's Hall of Fame Teammates
pecheneg
Champions League XIs: Arsenal
pecheneg
Quick Pick: Celebrities in WWE's Hall of Fame
aduchscher
A-Z Keypad Blitz II
pecheneg
Multiple Oscar Actors
pecheneg
Mystery Phrase Blitz: Oscar 'Best Actors'
pecheneg
F. Scott Fitzgerald Novels
LTH
Pick 3 Villains
ddd62291
Trending Topics
Disney
Harry Potter
Marvel
Kpop
Crossword
NBA
Anime
WWE
NFL
The Office
Country
Soccer
Song
Puzzle
Pokémon
Your Account Isn't Verified!
In order to create a playlist on Sporcle, you need to verify the email address you used during registration. Go to your
Sporcle Settings
to finish the process.
Report this User
Report this user for behavior that violates our
Community Guidelines
.
Details:
Send Report
Go to the Sporcle.com Mobile Site →
Comments